| 000 | 00551nam a22001937a 4500 | ||
|---|---|---|---|
| 003 | KOHA_MİRAKIL | ||
| 005 | 20240930101032.0 | ||
| 008 | 240929b1959 tu ||||| |||| 00| 0 tur d | ||
| 020 | _a9789751403810 | ||
| 040 |
_aTR-AnABB _btur _cTR-AnABB |
||
| 041 | _atur | ||
| 082 |
_a813.42 _bAYD 1959 |
||
| 100 |
_aAydemir, Şevket Süreyya, _d1897-1976. |
||
| 245 | 0 |
_aSuyu arayan adam / _cŞevket Süreyya Aydemir. |
|
| 260 |
_aAnkara : _bÖz Yayınları, _c1959. |
||
| 300 |
_a488 sayfa ; _c19 cm. |
||
| 650 | _aTürk edebiyatı, roman | ||
| 942 |
_2ddc _cBK |
||
| 999 |
_c2933 _d2933 |
||